| 000 | 00585nam a2200181 a 4500 | ||
|---|---|---|---|
| 001 | 000016397 | ||
| 005 | 20200929164416.0 | ||
| 008 | 100304s1986 dr 000 0 spa d | ||
| 040 | _aDO-SdBNP | ||
| 082 |
_a636.21 _bT266g |
||
| 100 | 1 |
_aTejada C. Frank A. _936565 |
|
| 245 | 1 | 3 |
_aLa ganadería de la leche en la República Dominicana / _cFrank A. Tejada C. |
| 260 |
_aSanto Domingo : _bEditora la Palabra, _c1986. |
||
| 300 |
_a44 p. ; _c22 cm. |
||
| 504 | _aIncluye referencias bibliográficas (p. 43-44) | ||
| 650 | 4 |
_aGanado lechero _zRepública Dominicana _936566 |
|
| 049 | _aBNPD | ||
| 999 |
_c15932 _d15932 |
||